• 首页
  • 本馆介绍
  • 公告通知
  • 最新文献
  • 馆藏检索
  • 电子资源
  • 读者导购
  • 参考咨询
  • 我的图书馆
  • 登录
  • 详细信息显示
  • 放入我的书架
  • 预约/预借图书
  • 作者相关作品
  • 分类相关作品
  • 丛书相关作品
  • 出版社相关作品

书目信息

  • 表格格式
  • 工作单格式
  • 卡片格式
题名:
化工设备机械基础
    
 
作者: 潘永亮 主编
分册:  
出版信息: 北京   科学出版社  2014.03
页数: 293页
开本: 26cm
丛书名:
单 册:
中图分类: TQ05
科图分类:
主题词: 化工设备--高等学校--教材 , 化工机械--高等学校--教材 , 化工设备 , 化工机械
电子资源:
ISBN: 978-7-03-039935-9
000 01082nam0 2200301 450
001 0120141271907
005 20140610105209.10
010    @a978-7-03-039935-9@dCNY46.00
100    @a20140410d2014 em y0chiy0110 ea
101 0  @achi
102    @aCN@b110000
105    @aa z 000yy
106    @ar
200 1  @a化工设备机械基础@9hua gong she bei ji xie ji chu@f潘永亮主编
205    @a3版
210    @a北京@c科学出版社@d2014.03
215    @a293页@c图@d26cm
300    @a全国高等院校化工类专业规划教材
330    @a本书共三篇,共19章,第一篇工程力学基础,包括:静力学基础、平面汇交力系、平面一般力系等;第二篇化工容器及设备,包括:化工设备常用材料、容器设计基础、外压容器设计等;第三篇机械传动装置,包括:带传动、齿轮传动、蜗杆传动等。
333    @a高等工科院校化学工程与工艺专业及相近的非机械专业本科生
606 0  @a化工设备@x高等学校@j教材
606 0  @a化工机械@x高等学校@j教材
606 0  @a化工设备
606 0  @a化工机械
690    @aTQ05@v5
701  0 @a潘永亮@9pan yong liang@4主编
801  0 @aCN@b人天书店@c20140410
905    @b846139-41@dTQ05@e237=3@f3
    
    化工设备机械基础/潘永亮主编.-3版.-北京:科学出版社,2014.03
    293页:图;26cm
    全国高等院校化工类专业规划教材.-使用对象:高等工科院校化学工程与工艺专业及相近的非机械专业本科生
    
    ISBN 978-7-03-039935-9:CNY46.00
    本书共三篇,共19章,第一篇工程力学基础,包括:静力学基础、平面汇交力系、平面一般力系等;第二篇化工容器及设备,包括:化工设备常用材料、容器设计基础、外压容器设计等;第三篇机械传动装置,包括:带传动、齿轮传动、蜗杆传动等。
●
相关链接 在E读中查询图书 在五车中查询图书 在当当中查询图书 在豆瓣中查询图书


正题名:化工设备机械基础     索取号:TQ05/237=3         预约/预借

序号 登录号 条形码 馆藏地/架位号 状态 备注
1 846139   208461396   第二样本阅览室/ [索取号:TQ05/237=3] 在馆    
2 846140   208461403   密集书库-化学系/ [索取号:TQ05/237=3] 在馆    
3 846141   208461412   第三借阅区/ [索取号:TQ05/237=3] 在馆    
唐山师范学院图书馆 欢迎您!
大连网信软件有限公司© 版权所有